Forme longue des noms des pays d'Amérique par drapeau / Partie 2 - Statistiques

Statistiques générales
  • Ce quiz a été pris 12 fois
  • Le résultat moyen est 8 sur 16
Statistiques - réponses
Par images Réponse % Correct
Grenade
91%
Jamaique
73%
Sainte-Lucie
73%
République d'Haïti
55%
République du Guatemala
55%
République du Honduras
55%
République du Nicaragua
55%
République du Panama
55%
République du Paraguay
55%
République du Pérou
55%
République du Suriname
55%
Saint-Vincent-et-les-Grenadines
55%
Fédération de Saint-Christophe-et-Niévès
27%
République coopérative du Guyana
27%
Etats-Unis Mexicains
18%
République du Slavador
9%
Aucun quiz correspondant
Distribution des résultats
% des personnes avec chaque résultat
Percentile par nombre de réponses
Votre historique - résultats
Vous n’avez pas pris ce quiz